000 00276nam a2200109Ia 4500
005 20251222144729.0
008 251222s9999||||xx |||||||||||||| ||spa||
082 _a266.009.854/V62
245 0 _aMisioneros Seglares
264 _bAsociación de Misioneros Seglares
942 _cLIB
999 _c18519
_d18519